Ville des Yvelines - Mort subite - Statistiques

Statistiques générales
  • Ce quiz a été pris 347 fois
    342 depuis la dernière actualisation
  • Le résultat moyen est 10 sur 15
Answers on the Grid
Answers color-coded by a green-red scale on the quiz's grid according to % correct below.
Vernon
Giverny
Versailles
Vincennes
Mantes la Ville
Rambouillet
Trappes
Pontoise
Argenteuil
Conflans Saint Honorine
Mantes la Jolie
Epernon
Guyancourt
Elancourt
Brunoy
Bois d’Arcy
Saint Cyr l’école
Bailly
Montgeron
Tremblay en France
Orgeval
Les mureaux
Pontault Combault
Goussainville
Dreux
Réau
Plailly
Chavenay
Villepreux
 
Statistiques - réponses
Réponse % Correct
Mantes la Jolie
82%
Versailles
82%
Rambouillet
78%
Trappes
77%
Saint Cyr l’école
75%
Mantes la Ville
71%
Guyancourt
70%
Elancourt
69%
Les mureaux
69%
Bois d’Arcy
60%
Orgeval
60%
Conflans Saint Honorine
58%
Villepreux
50%
Bailly
33%
Chavenay
27%
Aucun quiz correspondant
Distribution des résultats
% des personnes avec chaque résultat
Percentile par nombre de réponses
Votre historique - résultats
Vous n’avez pas pris ce quiz depuis la dernière actualisation